000 00742nam a22002177a 4500
003 UA-OsUOA
001 130009
007 ta
008 20180402b un ||||| |||| 00| 0 ukr d
100 _aРудик Л.
090 _a82
_bР83
942 _cSA
040 _aUA-OsUOA
_bukr
_cUA-OsUOA
_dUA-OsUOA
245 _aІван Нечуй-Левицький. Життя митця і його творчість як новий імпульс української літератури
300 _aС.24-31
955 _a0
041 _aukr
080 _a82
773 0 _w130006
_tУкраїнська мова і література в школі
_dК.
_d2018
_g1
650 7 _a82 Література. Літературознавство
_2UDC
999 _c417937
_d417937